000 00756nam a2200181Ia 4500
008 090123s9999 xx 000 0 und d
082 _b8080
_a891.463/काकोड
100 _aकाकोडकर चंद्रकांत कल्याणदास
245 _aअगा जे घडलेचि नाही
250 _a2
260 _bचंद्रकांत प्रकाशन
300 _a127
600 _aकाकोडकर चंद्रकांत कल्याणदास
630 _aअगा जे घडलेचि नाही
700 _aकाकोडकर चंद्रकांत कल्याणदास
730 _aअगा जे घडलेचि नाही
942 _cBOOK
999 _c46146
_d46146